00586 2200205 4500001002100000005001500021035002000036007000300056008004100059020002200100082001000122084001600132100001600148245010900164250001000273260004100283300002500324650001900349990001200368INLIS00000000000007420170909094753 a0010-0917000060ta170909 d 0 ind  a978-602-8512-10-7 a153.9 a153.9 JAM k0 aJamal Mahdi1 aKreatif Berfikir :bJudul Asli : Minal Mukmin An Takuna Mubdi'an /cJamal Mahdi, Penerjamah Irwan Raihan acet.1 aSurakarta :bZiyad Visi Media,c2009 a158hlm ;c14 x 20 cm aMotifasi Islam a1071572